Harry Potter characters - Statistics

General Stats
  • This quiz has been taken 19 times
  • The average score is 78 of 117
Answer Stats
Hint Answer % Correct
George
100%
Potter Harry
100%
Granger Hermione
100%
Ron
100%
Albus
94%
Weasley Arthur
94%
Bill
94%
Charlie
94%
Fred
94%
Ginny
94%
James
94%
Lily
94%
Molly
94%
Percy
94%
Lestrange Bellatrix
88%
Colin
88%
Umbridge Dolores
88%
Malfoy Draco
88%
Hufflepuff Helga
88%
Narcissa
88%
Neville
88%
Remus
88%
Hagrid Rubeus
88%
Slytherin Salazar
88%
Moody Alastor
81%
House elf Dobby
81%
Delacour Fleur
81%
Gryffindor Godric
81%
Owl Hedwig
81%
Lucius
81%
Lovegood Luna
81%
Mcgonagall Minerva
81%
Nymphadora
81%
Ravenclaw Rowena
81%
Snape Severus
81%
Black Sirius
81%
Krum Viktor
81%
Crabbe Vincent
81%
Xenophilius
81%
Aberforth
75%
Longbottom Alice
75%
Fudge Cornelius
75%
Lockhart Gilderoy
75%
Goyle Gregory
75%
Slughorn Horace
75%
Karkaroff Igor
75%
Shacklebolt Kingsley
75%
House elf Kreacher
75%
Gaunt Marvolo
75%
Rat Scabbers
75%
Tonks Ted
75%
Albus Severus
69%
Ariana
69%
Greyback Fenrir
69%
Prongs James potter
69%
Wormtail Peter pettigrew
69%
Regulus
69%
Moony Remus lupin
69%
Rose
69%
Padfoot Sirius black
69%
Augusta
63%
Creevey Dennis
63%
Owl Errol
63%
Frank
63%
Gabrielle
63%
Helena
63%
Hugo
63%
Ignotus
63%
Lily Luna
63%
Maxime Olympe
63%
Pomfrey Poppy
63%
Scrimgeour Rufus
63%
Lupin Teddy
63%
House elf Winky
63%
Carrow Alecto
56%
Andromeda
56%
Bagshot Bathilda
56%
Burbage Charity
56%
Flitwick Filius
56%
James Sirius
56%
Finch fletchly Justin
56%
Fletcher Mundungus
56%
Sprout Pomona
56%
Hooch Rolanda
56%
Amycus
50%
Crouch Barty Jr
50%
Barty Sr
50%
Cadmus
50%
Binns Cuthbert
50%
Dominique
50%
House elf Hokey
50%
Bagman Ludo
50%
Cattermole Mary
50%
Pandora
50%
Thicknesse Pius
50%
Roxanne
50%
Runcorn Albert
44%
Peverell Antioch
44%
Doge Elphias
44%
Fred II
44%
Owl Hermes
44%
Kendra
44%
Louis
44%
Hopkirk Mafalda
44%
Merope
44%
Dumbledore Percival
44%
Owl Pigwidgeon
44%
Reginald
44%
Riddle Tom jr
44%
Tom sr
44%
Victoire
44%
Lucy
38%
Molly II
38%
Phineas
38%
Quirrell Quirinius
19%
Walburga
19%
Rodolophus
0%
No matching quizzes found
Score Distribution
Percent of People with Each Score
Percentile by Number Answered
Your Score History
You have not taken this quiz